000 00710nam a2200265 a 4500
001 000108684
003 CHAP
005 20220329144021.0
008 140304s2012 it |r| |||||||fre d
010 _a105146
011 _a106118
020 _a9789252073055
040 _cCHAP
090 _aFolleto 18395f
245 1 0 _aDirectives volontaires pour la gouvernance foncière. D' un coup d'oeil /
_cpor FAO.
260 _aRoma :
_bFAO,
_c2012.
300 _a10 p.
590 _aE5995AHE
_b05
_c20140304
_lUCH01
_h1128
650 1 4 _aGobierno.
_948401
650 1 4 _aRecursos naturales
_xAdministración.
_995175
650 1 4 _aTierras
_xTenencia.
_9113130
901 _aBK
942 _cFOLL
942 _n0
999 _c105146
_d105146